<?xml version="1.0" encoding="UTF-8"?>
<collection xmlns="http://www.loc.gov/MARC21/slim">
 <record>
  <leader>     na                 </leader>
  <controlfield tag="001">INLIS000000000000134</controlfield>
  <controlfield tag="005">20220326030009</controlfield>
  <datafield tag="035" ind1=" " ind2=" ">
   <subfield code="a">0010-0322000133</subfield>
  </datafield>
  <controlfield tag="007">ta</controlfield>
  <controlfield tag="008">220326                b          0 ind  </controlfield>
  <datafield tag="020" ind1=" " ind2=" ">
   <subfield code="a">978-979-063-802-0</subfield>
  </datafield>
  <datafield tag="082" ind1=" " ind2=" ">
   <subfield code="a">782.42</subfield>
  </datafield>
  <datafield tag="084" ind1=" " ind2=" ">
   <subfield code="a">782.42 PIP k</subfield>
  </datafield>
  <datafield tag="100" ind1="0" ind2=" ">
   <subfield code="a">Pipiet Senja</subfield>
  </datafield>
  <datafield tag="245" ind1="1" ind2=" ">
   <subfield code="a">Kecil-kecil Penghafal Al-Qur'an :</subfield>
   <subfield code="b">Seri Anak Spesial /</subfield>
   <subfield code="c">Pipiet Senja</subfield>
  </datafield>
  <datafield tag="250" ind1=" " ind2=" ">
   <subfield code="a">Cet. 2</subfield>
  </datafield>
  <datafield tag="260" ind1=" " ind2=" ">
   <subfield code="a">Jakarta Timur :</subfield>
   <subfield code="b">Bestari Kids,</subfield>
   <subfield code="c">2017</subfield>
  </datafield>
  <datafield tag="300" ind1=" " ind2=" ">
   <subfield code="a">36 hlm. :</subfield>
   <subfield code="b">Ilus. ;</subfield>
   <subfield code="c">20.5 X 20.5 cm.</subfield>
   <subfield code="e">-</subfield>
  </datafield>
  <datafield tag="650" ind1=" " ind2="4">
   <subfield code="a">Kisah Inspirasi Anak</subfield>
  </datafield>
  <datafield tag="700" ind1="0" ind2=" ">
   <subfield code="a">Editor; Ismayani</subfield>
  </datafield>
  <datafield tag="520" ind1=" " ind2=" ">
   <subfield code="a">-</subfield>
  </datafield>
  <datafield tag="856" ind1=" " ind2=" ">
   <subfield code="a">-</subfield>
  </datafield>
  <datafield tag="990" ind1=" " ind2=" ">
   <subfield code="a">0446</subfield>
  </datafield>
  <datafield tag="990" ind1=" " ind2=" ">
   <subfield code="a">0447</subfield>
  </datafield>
  <datafield tag="990" ind1=" " ind2=" ">
   <subfield code="a">0448</subfield>
  </datafield>
 </record>
</collection>
